000 01228nam a2200337 a 4500
001 000022225
003 DO-SdBPM
005 20251121061903.0
007 ta
008 100920s1995 dr ac 001 0 spa d
020 _a8484010244
040 _aDO-SdBPM
_bspa
_cBPMSU
_drda
082 4 _a910.45
_bT231p 1995
_222
100 1 _aTavares K, Juan Tomás
_eautor
_4aut.
_q
245 1 0 _aPiratas de América /
_cJuan Tomás Tavares K.
250 _a3a. ed.
260 _b
_b
_c
264 _aSanto Domingo :
_bTobogán,
_c1995
300 _a111 páginas :
_bilustraciones, retratos ;
_c23 cm.
336 _atexto
_btxt
_2rdacontent
337 _asin mediación
_bn
_2rdamedia
338 _avolumen
_bnc
_2rdacarrier
490 0 _aBiblioteca juvenil Tobogán ;
_aEciclopedia del niño,
_v2
500 _a
520 _aSe narra las vidas y hazañas de los bucaneros y filibusteros que desde Santo Domingo y la Tortuga infestaron y saquearon toda el área del Caribe.
590 _aInventariado, 2025/VM
650 7 _aPiratas
_xHistoria
_zRepública Dominicana
651 7 _aRepública Dominicana
_xHistoria
_yGobierno colonial español, 1511-1795
910 _aVMateo V. Control de calidad BPMSU
942 _2ddc
_cBK
999 _c15530
_d15530